[Event "Dubai op"]
[Site "Dubai"]
[Date "2000.05.06"]
[Round "8"]
[White "Al Modiahki, Mohamad"]
[Black "Dolmatov, Sergey"]
[Result "0-1"]
[WhiteElo "2538"]
[BlackElo "2615"]
[PlyCount "114"]
[EventDate "2000.04.28"]
[Source "www.chesslib.no"]
[SourceDate "2004.05.04"]

1. e4 e6 2. d4 d5 3. Nc3 Bb4 4. e5 c5 5. Bd2 Ne7 6. dxc5 Nbc6 7. Qg4 O-O 8. f4 f6 9. Nf3 Bxc5 10. O-O-O a6 11. Qh3 Bd7 12. exf6 Rxf6 13. g4 Qf8 14. Bd3 g6 15. Rdf1 Qg7 16. Ne2 Rff8 17. Kb1 b5 18. Qg3 b4 19. h4 Bd6 20. h5 e5 21. fxe5 Nxe5 22. Nxe5 Bxe5 23. h6 Bxg3 24. hxg7 Rxf1+ 25. Rxf1 Be5 26. Bxb4 Re8 27. g5 Nc6 28. Bc3 Kxg7 29. Bxa6 Bxc3 30. Nxc3 Re5 31. a3 Rxg5 32. b4 h5 33. Rd1 h4 34. b5 Na5 35. b6 Bc6 36. Kc1 Kf6 37. Kb2 Ke5 38. Ka2 Rg3 39. Bd3 h3 40. Ne2 Rg2 41. Ng1 h2 42. Nf3+ Kd6 43. Rh1 d4 44. Nxh2 Rd2 45. Rg1 Rxh2 46. Rxg6+ Kc5 47. Rg5+ Bd5+ 48. Kb1 Nc4 49. Bxc4 Kxc4 50. Rg7 Rh6 51. Kc1 Be4 52. Rc7+ Rc6 53. Re7 Kd5 54. Rd7+ Ke5 55. Re7+ Kf4 56. Kb1 Bxc2+ 57. Kb2 Bf5 0-1

[Event "1. Leaque 2005/06 rounds 6-7"]
[Site "?"]
[Date "2006.01.21"]
[Round "7"]
[White "Landa Konstantin"]
[Black "Dgebuadze Alexandre"]
[Result "1-0"]
[WhiteElo "2597"]
[BlackElo "2535"]
[PlyCount "77"]
[EventDate "2006.??.??"]
[Source "www.chesslib.no"]
[SourceDate "2004.05.04"]

1. e4 e6 2. d4 d5 3. Nc3 Bb4 4. e5 c5 5. Bd2 Nh6 6. Nf3 Nc6 7. Bxh6 gxh6 8. Bb5 cxd4 9. Qxd4 Qa5 10. O-O Rg8 11. Qd3 Bd7 12. Bxc6 bxc6 13. Ne2 Bf8 14. c4 dxc4 15. Qxh7 Rg7 16. Qe4 Rb8 17. Ng3 Be7 18. Rfd1 Qc7 19. Nd2 Rxb2 20. Nxc4 Rb4 21. a3 Rb8 22. Nh5 Rg6 23. Nd6+ Kf8 24. Nf4 Rg7 25. Qf3 Kg8 26. Nh5 Rh7 27. Ne4 Kh8 28. Nef6 Be8 29. Nxh7 Kxh7 30. Qg3 Bg5 31. h4 f5 32. hxg5 Bxh5 33. Qh4 Qf7 34. Rd6 hxg5 35. Qxg5 Rg8 36. Qf6 Qxf6 37. exf6 Bf3 38. Rd7+ Kh6 39. Rg7 1-0

[Event "Corr"]
[Site "?"]
[Date "1999.06.30"]
[Round "?"]
[White "Soltau Achim"]
[Black "Kluve Siegfried (GER)"]
[Result "1/2-1/2"]
[WhiteElo "2577"]
[BlackElo "2550"]
[PlyCount "25"]
[EventDate "1999.??.??"]
[Source "www.chesslib.no"]
[SourceDate "2004.05.04"]

1. e4 e6 2. d4 d5 3. Nc3 Bb4 4. e5 c5 5. Bd2 Ne7 6. dxc5 Nbc6 7. Qg4 O-O 8. O-O-O Bxc5 9. Nf3 Ng6 10. Qh5 Bd7 11. Kb1 Qe8 12. Bd3 Nb4 13. Be2 1/2-1/2

[Event "Hartford cc"]
[Site "?"]
[Date "1959.??.??"]
[Round "?"]
[White "Platz, J."]
[Black "Noderer, L."]
[Result "1-0"]
[WhiteElo "2560"]
[BlackElo "2560"]
[PlyCount "83"]
[EventDate "1959.??.??"]
[Source "www.chesslib.no"]
[SourceDate "2004.05.04"]

1. e4 e6 2. d4 d5 3. Nc3 Bb4 4. e5 c5 5. Bd2 cxd4 6. Nb5 Bf8 7. Qg4 Nc6 8. Nf3 h5 9. Qf4 Bd7 10. Bd3 Nb4 11. Bxb4 Bxb4+ 12. c3 Be7 13. Nbxd4 g5 14. Qe3 g4 15. Nd2 a6 16. O-O h4 17. f4 Nh6 18. Kh1 Bc6 19. f5 Bg5 20. Qe2 Qd7 21. fxe6 fxe6 22. N2b3 Be7 23. Bg6+ Kd8 24. Bf7 Bb5 25. Nxb5 axb5 26. Nd4 Nxf7 27. Rxf7 g3 28. h3 Rf8 29. Rxf8+ Bxf8 30. Qg4 Be7 31. Qg8+ Qe8 32. Nxe6+ Kd7 33. Qg4 Kc6 34. Nd4+ Kc7 35. a3 Ra6 36. Rf1 Bd8 37. Qg7+ Kb6 38. Rf7 Ra7 39. Qg6+ Ka5 40. b4+ Ka4 41. Qc2+ Kxa3 42. Qb3# 1-0

[Event "Budapest"]
[Site "?"]
[Date "1959.??.??"]
[Round "?"]
[White "Szabo, L."]
[Black "Bertholdt, D."]
[Result "1-0"]
[WhiteElo "2560"]
[BlackElo "2560"]
[PlyCount "43"]
[EventDate "1959.??.??"]
[Source "www.chesslib.no"]
[SourceDate "2004.05.04"]

1. e4 e6 2. d4 d5 3. Nc3 Bb4 4. e5 c5 5. Bd2 Ne7 6. a3 Bxc3 7. Bxc3 b6 8. Nf3 Ba6 9. Bxa6 Nxa6 10. O-O O-O 11. Bd2 cxd4 12. Nxd4 Nc5 13. Bg5 Qd7 14. Bxe7 Qxe7 15. b4 Na4 16. f4 Rac8 17. Qg4 Rc4 18. f5 f6 19. fxe6 fxe5 20. Rxf8+ Qxf8 21. Rf1 Qe8 22. Rf7 1-0

[Event "USSR"]
[Site "?"]
[Date "1929.??.??"]
[Round "?"]
[White "Panov, V."]
[Black "Yudkovsky"]
[Result "1-0"]
[WhiteElo "2560"]
[BlackElo "2560"]
[PlyCount "63"]
[EventDate "1929.??.??"]
[Source "www.chesslib.no"]
[SourceDate "2004.05.04"]

1. e4 e6 2. d4 d5 3. Nc3 Bb4 4. e5 c5 5. Bd2 cxd4 6. Nb5 Bxd2+ 7. Qxd2 Nc6 8. f4 Kf8 9. Nf3 Qb6 10. Bd3 a6 11. Nd6 Qxb2 12. O-O Qc3 13. Qe2 g6 14. g4 Nge7 15. Ng5 Nd8 16. f5 exf5 17. gxf5 Bxf5 18. Qf2 h6 19. Qh4 Qd2 20. Nf3 Qe3+ 21. Kh1 Bxd3 22. cxd3 g5 23. Qh5 Ng6 24. Rae1 Qxd3 25. e6 Nxe6 26. Ne5 Nxe5 27. Rxf7+ Kg8 28. Rxe5 Qb1+ 29. Kg2 Rh7 30. Rxe6 Rg7 31. Rxg7+ Kxg7 32. Qf7+ 1-0

[Event "World-ch corres"]
[Site "?"]
[Date "1956.??.??"]
[Round "?"]
[White "Kjellander, S."]
[Black "Endzelins, L."]
[Result "1/2-1/2"]
[WhiteElo "2560"]
[BlackElo "2560"]
[PlyCount "43"]
[EventDate "1956.??.??"]
[Source "www.chesslib.no"]
[SourceDate "2004.05.04"]

1. e4 e6 2. d4 d5 3. Nc3 Bb4 4. e5 c5 5. Bd2 Nc6 6. Nf3 cxd4 7. Nb5 Bc5 8. a3 a6 9. b4 Be7 10. Nbxd4 Nxd4 11. Nxd4 Qc7 12. f4 Nh6 13. Bd3 Nf5 14. Nxf5 exf5 15. Qf3 Be6 16. Qf2 O-O 17. O-O Qd7 18. Bc3 Rac8 19. Bd4 g6 20. Kh1 h6 21. Qe3 Kh7 22. h3 1/2-1/2

[Event "E.Germany corres"]
[Site "?"]
[Date "1956.??.??"]
[Round "?"]
[White "Roth"]
[Black "Blachmann"]
[Result "1-0"]
[WhiteElo "2560"]
[BlackElo "2560"]
[PlyCount "63"]
[EventDate "1956.??.??"]
[Source "www.chesslib.no"]
[SourceDate "2004.05.04"]

1. e4 e6 2. d4 d5 3. Nc3 Bb4 4. e5 c5 5. Bd2 Ne7 6. Nb5 Bxd2+ 7. Qxd2 O-O 8. c3 Nbc6 9. Nf3 Qb6 10. a4 cxd4 11. cxd4 a5 12. Bd3 f5 13. O-O Bd7 14. Rfc1 h6 15. Ra3 Nb4 16. Rc5 Rfc8 17. Rac3 Rc6 18. Bb1 Rac8 19. Rxc6 Rxc6 20. g4 fxg4 21. Nh4 Nf5 22. Nxf5 exf5 23. Nd6 Rxc3 24. bxc3 Nc6 25. Bd3 Ne7 26. h3 gxh3 27. Qf4 g5 28. Qf3 g4 29. Qf4 Kg7 30. e6 Bxa4 31. Nxf5+ Nxf5 32. Qxf5 1-0

[Event "Barcelona"]
[Site "?"]
[Date "1929.??.??"]
[Round "?"]
[White "Yates, F."]
[Black "Aguilera"]
[Result "1-0"]
[WhiteElo "2560"]
[BlackElo "2560"]
[PlyCount "35"]
[EventDate "1929.??.??"]
[Source "www.chesslib.no"]
[SourceDate "2004.05.04"]

1. e4 e6 2. d4 d5 3. Nc3 Bb4 4. e5 c5 5. Bd2 cxd4 6. Nb5 Bc5 7. Qg4 Kf8 8. b4 Be7 9. Nf3 Nc6 10. a3 Bd7 11. Nbxd4 Nxd4 12. Qxd4 Qc7 13. Bd3 f6 14. O-O b5 15. Rae1 fxe5 16. Nxe5 Bf6 17. Qc5+ Qxc5 18. Nxd7+ 1-0

[Event "Budapest"]
[Site "?"]
[Date "1928.??.??"]
[Round "?"]
[White "Merenyi"]
[Black "Szekely, S."]
[Result "1-0"]
[WhiteElo "2560"]
[BlackElo "2560"]
[PlyCount "37"]
[EventDate "1928.??.??"]
[Source "www.chesslib.no"]
[SourceDate "2004.05.04"]

1. e4 e6 2. d4 d5 3. Nc3 Bb4 4. e5 c5 5. Bd2 cxd4 6. Nb5 Bxd2+ 7. Qxd2 Nc6 8. f4 Qb6 9. Nf3 Nh6 10. Nd6+ Kf8 11. O-O-O Ng4 12. Bd3 Ne3 13. Ng5 Nxd1 14. Qxd1 Nd8 15. Qh5 Qc7 16. Nxh7+ Kg8 17. Ne8 Qe7 18. Nef6+ Qxf6 19. exf6 1-0

[Event "Kienbaum"]
[Site "?"]
[Date "1958.??.??"]
[Round "?"]
[White "Uhlmann, W."]
[Black "Franz, J."]
[Result "1-0"]
[WhiteElo "2560"]
[BlackElo "2560"]
[PlyCount "75"]
[EventDate "1958.??.??"]
[Source "www.chesslib.no"]
[SourceDate "2004.05.04"]

1. e4 e6 2. d4 d5 3. Nc3 Bb4 4. e5 c5 5. Bd2 Ne7 6. dxc5 Bxc5 7. Qg4 Nf5 8. Bd3 Qh4 9. Qxh4 Nxh4 10. g3 Ng6 11. f4 Bd7 12. Nf3 Nc6 13. a3 Nd4 14. Nxd4 Bxd4 15. Nb5 Bxb5 16. Bxb5+ Kd8 17. O-O-O Kc7 18. Ba5+ Bb6 19. Bb4 Be3+ 20. Kb1 Kb6 21. Be2 Bc5 22. Bc3 Rad8 23. b4 Bf8 24. f5 exf5 25. Rhf1 Ne7 26. g4 fxg4 27. Rxf7 Nc6 28. b5 Na5 29. Rd4 Bc5 30. Rxg4 d4 31. Bb4 Rhe8 32. Rgxg7 Rxe5 33. Bd3 Re6 34. Rxh7 Bd6 35. Bxa5+ Kxa5 36. Rxb7 Bxa3 37. Rxa7+ Kb4 38. Rhc7 1-0

[Event "Dresden"]
[Site "?"]
[Date "1957.??.??"]
[Round "?"]
[White "Pachman, L."]
[Black "Uhlmann, W."]
[Result "0-1"]
[WhiteElo "2560"]
[BlackElo "2560"]
[PlyCount "94"]
[EventDate "1957.??.??"]
[Source "www.chesslib.no"]
[SourceDate "2004.05.04"]

1. e4 e6 2. d4 d5 3. Nc3 Bb4 4. e5 c5 5. Bd2 Ne7 6. a3 Bxc3 7. Bxc3 b6 8. b4 Qc7 9. Nf3 cxb4 10. Bxb4 Ba6 11. Bd3 Bxd3 12. cxd3 Nbc6 13. Rc1 Qd7 14. Bd6 O-O 15. Qa4 Rfd8 16. Ke2 Rac8 17. g4 Qb7 18. Rc3 b5 19. Qb3 Na5 20. Qc2 Rxc3 21. Qxc3 Nac6 22. Rb1 Rc8 23. Qb2 a6 24. Nd2 Qb6 25. Bc5 Qd8 26. a4 bxa4 27. Qb6 Qxb6 28. Rxb6 a5 29. Ke3 h5 30. Rb7 Ng6 31. gxh5 Nh4 32. Kf4 Nf5 33. Nf3 Rb8 34. Rc7 Nb4 35. Ra7 Nxd3+ 36. Kg5 Rb5 37. Kg4 Nxf2+ 38. Kf4 Nd3+ 39. Kg4 Nf2+ 40. Kf4 Ne4 41. h4 Rb1 42. Ra8+ Kh7 43. Ng5+ Nxg5 44. hxg5 Rf1+ 45. Kg4 Ne3+ 46. Kg3 Nc4 47. Rf8 Rf5 0-1

[Event "New England-ch Boston"]
[Site "?"]
[Date "1953.??.??"]
[Round "?"]
[White "Platz, J."]
[Black "Rubinow, S."]
[Result "1-0"]
[WhiteElo "2560"]
[BlackElo "2560"]
[PlyCount "87"]
[EventDate "1953.??.??"]
[Source "www.chesslib.no"]
[SourceDate "2004.05.04"]

1. e4 e6 2. d4 d5 3. Nc3 Bb4 4. e5 c5 5. Bd2 Nc6 6. Nb5 Bxd2+ 7. Qxd2 Nxd4 8. Nxd4 cxd4 9. Nf3 Ne7 10. Nxd4 Nc6 11. f4 Qb6 12. O-O-O Bd7 13. h4 Rc8 14. Rh3 Nxd4 15. Qxd4 Qxd4 16. Rxd4 Ke7 17. Rg3 g6 18. Rb4 b6 19. Ba6 Rc5 20. Ra3 Rc7 21. Kd2 h5 22. Rc3 Rxc3 23. Kxc3 Rb8 24. Kd4 Bc8 25. Bd3 Rb7 26. Rb3 Kd8 27. Rc3 Bd7 28. Ba6 Rb8 29. Be2 Rb7 30. Bf3 Rc7 31. Rxc7 Kxc7 32. f5 exf5 33. Bxd5 Be8 34. g3 Kd7 35. c4 Ke7 36. b4 f6 37. c5 bxc5+ 38. bxc5 g5 39. c6 f4 40. exf6+ Kxf6 41. hxg5+ Ke7 42. gxf4 Kd6 43. f5 h4 44. g6 1-0

[Event "Warsaw"]
[Site "?"]
[Date "1959.??.??"]
[Round "?"]
[White "Witkowski"]
[Black "Pietzsch, W."]
[Result "0-1"]
[WhiteElo "2560"]
[BlackElo "2560"]
[PlyCount "46"]
[EventDate "1959.??.??"]
[Source "www.chesslib.no"]
[SourceDate "2004.05.04"]

1. e4 e6 2. d4 d5 3. Nc3 Bb4 4. e5 c5 5. Bd2 Ne7 6. a3 Bxc3 7. Bxc3 b6 8. b4 Qc7 9. bxc5 bxc5 10. dxc5 Nd7 11. Nf3 Nxc5 12. Bb4 O-O 13. Bxc5 Qxc5 14. Bd3 Qc3+ 15. Ke2 f6 16. exf6 Qxf6 17. c4 e5 18. cxd5 e4 19. Bxe4 Ba6+ 20. Ke1 Qc3+ 21. Nd2 Qd4 22. Rf1 Bxf1 23. Nf3 Qxe4+ 0-1

[Event "corres"]
[Site "?"]
[Date "1959.??.??"]
[Round "?"]
[White "Honfi, K."]
[Black "Koch, B."]
[Result "1-0"]
[WhiteElo "2560"]
[BlackElo "2560"]
[PlyCount "83"]
[EventDate "1959.??.??"]
[Source "www.chesslib.no"]
[SourceDate "2004.05.04"]

1. e4 e6 2. d4 d5 3. Nc3 Bb4 4. e5 c5 5. Bd2 Ne7 6. a3 Bxc3 7. Bxc3 cxd4 8. Qxd4 Nbc6 9. Qg4 Nf5 10. Nf3 h5 11. Qf4 Qb6 12. Bd3 d4 13. Bd2 Nce7 14. O-O Bd7 15. Bb4 Nd5 16. Qg5 Bb5 17. Bxf5 Bxf1 18. Bd6 exf5 19. Qxg7 O-O-O 20. Rxf1 f6 21. Qf7 fxe5 22. Qxf5+ Rd7 23. Bxe5 Ne7 24. Qh3 Rh6 25. Bg7 Re6 26. Bxd4 Qd6 27. Qxh5 Ng6 28. g3 b6 29. c4 Qc6 30. Be3 Rf6 31. Ne5 Nxe5 32. Qxe5 Re6 33. Qh5 Kb7 34. Qb5 Qc8 35. c5 Qe8 36. cxb6 axb6 37. Qb3 Red6 38. a4 Qh5 39. Kg2 Rh7 40. h4 Qf5 41. Qc4 Rf6 42. Rc1 1-0

[Event "Aachen"]
[Site "Aachen"]
[Date "1934.??.??"]
[Round "?"]
[White "Saemisch"]
[Black "Nn"]
[Result "1-0"]
[WhiteElo "2560"]
[BlackElo "2560"]
[PlyCount "39"]
[EventDate "1934.??.??"]
[Source "www.chesslib.no"]
[SourceDate "2004.05.04"]

1. e4 e6 2. d4 d5 3. Nc3 Bb4 4. e5 c5 5. Bd2 cxd4 6. Nb5 Bc5 7. b4 Bb6 8. Qg4 Kf8 9. Nf3 Nc6 10. Qf4 f6 11. exf6 Qxf6 12. Nc7 Bxc7 13. Qxc7 h6 14. b5 d3 15. Bxd3 Qxa1+ 16. Ke2 Qf6 17. bxc6 Qe7 18. Bb4 Qxb4 19. Qd8+ Kf7 20. Ne5# 1-0

[Event "Sochi RUS"]
[Site "?"]
[Date "2006.04.30"]
[Round "11"]
[White "Savchenko Boris"]
[Black "Vitiugov Nikita"]
[Result "1/2-1/2"]
[WhiteElo "2568"]
[BlackElo "2550"]
[PlyCount "37"]
[EventDate "2006.??.??"]
[Source "www.chesslib.no"]
[SourceDate "2004.05.04"]

1. e4 e6 2. d4 d5 3. Nc3 Bb4 4. e5 c5 5. Bd2 Ne7 6. dxc5 Nbc6 7. Qg4 O-O 8. Nf3 Ng6 9. Bd3 f5 10. exf6 Qxf6 11. O-O Nf4 12. Bxh7+ Kxh7 13. Ng5+ Kg8 14. Bxf4 Bxc3 15. bxc3 Qxf4 16. Qh5 Rf5 17. Qe8+ Rf8 18. Qh5 Rf5 19. Qe8+ 1/2-1/2

[Event "NED-chT playoff"]
[Site "Breda"]
[Date "2000.06.01"]
[Round "1"]
[White "Feygin, Michail"]
[Black "Vaganian, Rafael A"]
[Result "1/2-1/2"]
[WhiteElo "2497"]
[BlackElo "2618"]
[PlyCount "106"]
[EventDate "2000.06.01"]
[Source "ChessBase"]
[SourceDate "2000.07.11"]

1. e4 e6 2. d4 d5 3. Nc3 Bb4 4. e5 c5 5. Bd2 Ne7 6. Nb5 Bxd2+ 7. Qxd2 O-O 8. c3 Nbc6 9. f4 f6 10. Nf3 fxe5 11. fxe5 Nf5 12. dxc5 Nh4 13. Nbd4 Nxd4 14. Nxd4 Qc7 15. O-O-O Ng6 16. Re1 Bd7 17. Qe3 Qxc5 18. Bd3 b5 19. Bxg6 hxg6 20. h4 Qe7 21. h5 Qf7 22. Qd3 Qf4+ 23. Kb1 Qg4 24. Qxg6 Qxg6+ 25. hxg6 Rf2 26. Re3 Raf8 27. a3 R8f4 28. Reh3 Rf1+ 29. Rxf1 Rxf1+ 30. Ka2 Re1 31. Rh5 a5 32. Kb3 Re4 33. Rg5 Kf8 34. Rh5 Rg4 35. Rh8+ Ke7 36. Rb8 Rxg6 37. Nxb5 Rxg2 38. a4 g5 39. Rg8 g4 40. Rg7+ Kd8 41. Rg8+ Ke7 42. Rg7+ Kd8 43. Nd4 Rg1 44. Ka2 g3 45. b3 Re1 46. Rxg3 Rxe5 47. Rg8+ Kc7 48. Ra8 Re3 49. Kb2 e5 50. Ra7+ Kd6 51. Ra6+ Kc7 52. Ra7+ Kd6 53. Ra6+ Kc7 1/2-1/2

[Event "GER-ARM"]
[Site "Baden-Baden"]
[Date "1996.??.??"]
[Round "1"]
[White "Minasian, Artashes"]
[Black "Hertneck, Gerald"]
[Result "1-0"]
[WhiteElo "2540"]
[BlackElo "2565"]
[PlyCount "47"]
[EventDate "1996.07.31"]
[Source "ChessBase"]

1. e4 e6 2. d4 d5 3. Nc3 Bb4 4. e5 c5 5. Bd2 Nh6 6. Nf3 Nc6 7. Bd3 cxd4 8. Nb5 Bxd2+ 9. Qxd2 O-O 10. O-O f6 11. exf6 Qxf6 12. Ng5 Nf5 13. Nc7 Rb8 14. Rae1 e5 15. Nxd5 Qd8 16. Nb4 Qa5 17. c3 Kh8 18. Qe2 dxc3 19. Nxc6 bxc6 20. Nxh7 Rd8 21. Qh5 Nh6 22. Nf6 Ba6 23. Bxa6 Qxa6 24. Qg6 1-0

[Event "Athens 88/269"]
[Site "?"]
[Date "2003.??.??"]
[Round "?"]
[White "Mastrovasilis, D."]
[Black "Atalik, S."]
[Result "1/2-1/2"]
[WhiteElo "2493"]
[BlackElo "2599"]
[PlyCount "152"]
[EventDate "2003.??.??"]
[Source "Chess Informant"]
[SourceDate "2003.06.01"]

1. e4 e6 2. d4 d5 3. Nc3 Bb4 4. e5 c5 5. Bd2 Ne7 6. Nb5 Bxd2+ 7. Qxd2 O-O 8. f4 Nbc6 9. Nf3 Nf5 10. Bd3 Ncxd4 11. Nbxd4 Nxd4 12. Nxd4 cxd4 13. O-O Qb6 14. Rf3 f5 15. exf6 Rxf6 16. Rh3 h6 17. g4 Qc7 18. Rf1 e5 19. fxe5 Rxf1+ 20. Bxf1 Qxe5 21. Rh5 Qf6 22. Rxd5 Bxg4 23. Qxd4 Qg6 24. Rd6 Be6+ 25. Kh1 Qf5 26. Rd8+ Kf7 27. Bd3 Rxd8 28. Qxd8 Qd5+ 29. Qxd5 Bxd5+ 30. Kg1 Bxa2 31. b3 Kf6 32. Kf2 Ke5 33. Ke3 a5 34. Bg6 a4 35. bxa4 b6 36. Kd3 Kd6 37. Kd4 Be6 38. c3 Bd7 39. Bc2 g5 40. Bd1 Be8 41. Bc2 h5 42. Bd1 h4 43. Ke4 Bg6+ 44. Kd4 Bf5 45. Be2 g4 46. Ke3 Ke5 47. Bb5 Be4 48. Bd7 g3 49. hxg3 hxg3 50. Bb5 Kf5 51. Bd7+ Kg5 52. Ke2 Kf4 53. Bb5 Bf3+ 54. Kf1 Ke3 55. Kg1 Be4 56. c4 Kd4 57. Kf1 Kc5 58. Kg1 Bc6 59. Ba6 Kb4 60. Kf1 Kxa4 61. Bc8 Kb4 62. Be6 Kc5 63. Kg1 Be4 64. Bf7 Bd3 65. Kg2 Bxc4 66. Be8 Bb5 67. Bf7 Bc6+ 68. Kxg3 b5 69. Kf2 Kd4 70. Ke2 Kc3 71. Kd1 b4 72. Kc1 Ba4 73. Be6 Bb3 74. Bf5 Bc4 75. Bc2 b3 76. Bxb3 Bxb3 1/2-1/2

[Event "SSKK Bulletinen 40 years"]
[Site "SSKK Bulletinen 40 years"]
[Date "1994.??.??"]
[Round "?"]
[White "Hector, Jonny"]
[Black "Stern, Dieter"]
[Result "1/2-1/2"]
[WhiteElo "2515"]
[BlackElo "2575"]
[PlyCount "51"]
[EventDate "1994.??.??"]
[Source "www.chesslib.no"]
[SourceDate "2004.05.04"]

1. e4 e6 2. d4 d5 3. Nc3 Bb4 4. e5 c5 5. Bd2 Ne7 6. a3 Bxc3 7. Bxc3 b6 8. Bb5+ Nbc6 9. Qg4 O-O 10. Nf3 cxd4 11. Bxd4 Nxd4 12. Nxd4 Ng6 13. f4 f6 14. O-O fxe5 15. fxe5 Nxe5 16. Qg3 Rxf1+ 17. Rxf1 Qd6 18. Bc6 Rb8 19. b4 Bb7 20. Rf6 Nc4 21. Qxd6 Nxd6 22. Rxe6 Nc4 23. b5 Bxc6 24. bxc6 Kf7 25. Re1 g6 26. a4 1/2-1/2

[Event "Belfort"]
[Site "Belfort FRA"]
[Date "1995.??.??"]
[Round "2"]
[White "Santo Roman, Marc"]
[Black "Rozentalis, Eduardas"]
[Result "1-0"]
[WhiteElo "2465"]
[BlackElo "2600"]
[PlyCount "51"]
[EventDate "1995.01.??"]
[Source "www.chesslib.no"]
[SourceDate "2004.05.04"]

1. e4 e6 2. d4 d5 3. Nc3 Bb4 4. e5 c5 5. Bd2 Ne7 6. a3 Bxc3 7. Bxc3 b6 8. b4 cxd4 9. Bxd4 O-O 10. Bd3 Nbc6 11. Bb2 Ng6 12. Qh5 Nce7 13. Ne2 Bd7 14. g4 d4 15. f4 Nd5 16. O-O Ne3 17. Rf2 Bc6 18. Nxd4 Bb7 19. Re1 Qd5 20. Nf3 Nc4 21. Bc1 Rfe8 22. Re4 Rac8 23. Rd4 Qc6 24. Rxc4 Qxc4 25. Bxc4 Rxc4 26. Ng5 1-0

[Event "Corr"]
[Site "?"]
[Date "2002.06.15"]
[Round "?"]
[White "Oliveira Marcio Barbosa de ("]
[Black "Knudsen John C.(USA)"]
[Result "1-0"]
[WhiteElo "2581"]
[BlackElo "2480"]
[PlyCount "97"]
[EventDate "2002.??.??"]
[Source "www.chesslib.no"]
[SourceDate "2004.05.04"]

1. e4 e6 2. d4 d5 3. Nc3 Bb4 4. e5 c5 5. Bd2 Ne7 6. a3 Bxc3 7. Bxc3 Nbc6 8. Nf3 cxd4 9. Bxd4 Nxd4 10. Qxd4 Nc6 11. Qc5 Qe7 12. Qe3 Bd7 13. Bd3 f6 14. O-O O-O 15. Rae1 fxe5 16. Nxe5 Nxe5 17. Qxe5 Rae8 18. c3 Qd8 19. Qd4 b6 20. Re5 Qf6 21. f4 Kh8 22. Qe3 Rc8 23. Qh3 g6 24. Qe3 Rc7 25. g3 Qg7 26. Qd4 Rcc8 27. Rfe1 Rf7 28. Qe3 Rf6 29. Re2 Rf7 30. h4 h6 31. h5 gxh5 32. Rh2 Rf6 33. Rhxh5 Kg8 34. Rh4 Kf7 35. Kh2 Rg8 36. c4 dxc4 37. Bxc4 Ke7 38. a4 Qg6 39. Bd3 Qe8 40. Be4 Qb8 41. Reh5 Rh8 42. Bg2 Qc7 43. a5 Qc2 44. Qa3+ Ke8 45. Qd6 Qxb2 46. f5 bxa5 47. Rd4 Rh7 48. fxe6 Bxe6 49. Re5 1-0

[Event "ARG-ch"]
[Site "Pena City"]
[Date "1996.??.??"]
[Round "12"]
[White "Spangenberg, Hugo"]
[Black "Panno, Oscar"]
[Result "1/2-1/2"]
[WhiteElo "2555"]
[BlackElo "2485"]
[PlyCount "152"]
[EventDate "1996.10.??"]
[Source "ChessBase"]

1. e4 e6 2. d4 d5 3. Nc3 Bb4 4. e5 c5 5. Bd2 Ne7 6. Nb5 Bxd2+ 7. Qxd2 O-O 8. dxc5 Nd7 9. Nf3 Nxc5 10. Bd3 Qb6 11. Rb1 Bd7 12. Nbd4 Nxd3+ 13. cxd3 Rfc8 14. O-O Rc7 15. Rfc1 Rac8 16. Rxc7 Qxc7 17. h4 h6 18. a3 Ng6 19. Qe3 Qd8 20. g3 b6 21. Kh2 Qe7 22. Re1 Rc7 23. h5 Nf8 24. g4 Nh7 25. Rg1 Ng5 26. Nxg5 Qxg5 27. Qxg5 hxg5 28. Kg3 f6 29. f4 gxf4+ 30. Kxf4 Rc8 31. g5 fxg5+ 32. Kxg5 Kf7 33. Rf1+ Ke7 34. Kg6 Rf8 35. Rxf8 Kxf8 36. Kh7 Kf7 37. Nf3 Be8 38. Ng5+ Ke7 39. Kxg7 Bxh5 40. Nh3 Bg4 41. Nf4 d4 42. Ng6+ Kd7 43. Kf6 Ke8 44. Nf4 Kd7 45. Kf7 a5 46. Kf6 Bf5 47. Ne2 Bxd3 48. Nxd4 Bc4 49. Kg7 Bf1 50. Kf6 Bh3 51. Ne2 Bf5 52. Nf4 a4 53. Ne2 Bd3 54. Nc3 Bc2 55. Nb5 Bd3 56. Nd4 Bc4 57. Kg5 Kd8 58. Kg4 Kd7 59. Kf3 Kc7 60. Kf4 Kb7 61. Ke3 b5 62. Nc2 Kc6 63. Kd4 Bb3 64. Nb4+ Kb6 65. Nd3 Kc6 66. Nf4 Bc4 67. Ng6 Bb3 68. Nh8 Bc4 69. Nf7 Bd5 70. Nd6 Ba2 71. Ne4 Bd5 72. Nc3 Bb3 73. Ne2 Bc4 74. Nf4 Kb6 75. Ng2 Bd5 76. Ne1 Bc4 1/2-1/2

[Event "Open, Mallorca ESP"]
[Site "?"]
[Date "2000.??.??"]
[Round "7"]
[White "De la Villa Garcia, J."]
[Black "Kolev, At"]
[Result "1/2-1/2"]
[WhiteElo "2455"]
[BlackElo "2580"]
[PlyCount "50"]
[EventDate "2000.??.??"]
[Source "www.chesslib.no"]
[SourceDate "2004.05.04"]

1. e4 e6 2. d4 d5 3. Nc3 Bb4 4. e5 c5 5. Bd2 Ne7 6. f4 O-O 7. Nf3 Nbc6 8. dxc5 f6 9. exf6 Rxf6 10. Bd3 Ng6 11. Bxg6 Rxg6 12. Qe2 b6 13. Na4 Bxd2+ 14. Qxd2 b5 15. Nc3 b4 16. Nb5 Ba6 17. Nbd4 Nxd4 18. Nxd4 e5 19. Nf3 exf4 20. O-O-O Rc8 21. Qxb4 Rxg2 22. Qxf4 Be2 23. Rd2 Bxf3 24. Qxf3 Rxd2 25. Kxd2 Rxc5 1/2-1/2

[Event "SSKK Bulletinen 40 years"]
[Site "SSKK Bulletinen 40 years"]
[Date "1994.??.??"]
[Round "?"]
[White "Hector, Jonny"]
[Black "Issler, Christian"]
[Result "1-0"]
[WhiteElo "2515"]
[BlackElo "2515"]
[PlyCount "119"]
[EventDate "1994.??.??"]
[Source "www.chesslib.no"]
[SourceDate "2004.05.04"]

1. e4 e6 2. d4 d5 3. Nc3 Bb4 4. e5 c5 5. Bd2 Ne7 6. a3 Bxc3 7. Bxc3 Nbc6 8. Nf3 cxd4 9. Nxd4 Nxe5 10. Nxe6 Bxe6 11. Bxe5 Nc6 12. Bg3 Qe7 13. Be2 Bg4 14. f3 Bf5 15. Rc1 O-O 16. O-O Rad8 17. Qd2 Qf6 18. c3 d4 19. Bc4 d3 20. Rce1 h6 21. Re3 Rd7 22. Rfe1 Qg5 23. f4 Qg6 24. b4 Kh7 25. Bf2 Rfd8 26. h3 Qd6 27. Rf3 h5 28. Ree3 a6 29. Bh4 f6 30. g4 b5 31. Bb3 Bg6 32. Be6 Ne5 33. fxe5 Qxe6 34. exf6 Qb6 35. fxg7 Re8 36. Rf8 Rxg7 37. Rfxe8 Bxe8 38. Qxd3+ Bg6 39. Bd8 Qc6 40. Qd4 Rd7 41. Qf6 Qd5 42. Bb6 Rf7 43. Re7 Rxe7 44. Qxe7+ Qf7 45. Qxf7+ Bxf7 46. gxh5 Bxh5 47. Kf2 Kg6 48. Ke3 Kf5 49. Kd4 Be2 50. Bc7 Bf1 51. h4 Be2 52. Kc5 Ke4 53. Kb6 Kd3 54. Be5 Kc4 55. Kxa6 Kb3 56. Kb6 Kxa3 57. Kc5 Ka4 58. Bf6 Kb3 59. c4 Bxc4 60. h5 1-0

[Event "Dubai op"]
[Site "Dubai"]
[Date "2002.04.23"]
[Round "7"]
[White "Al Sayed, Mohamad Naser"]
[Black "Filippov, Valerij"]
[Result "0-1"]
[WhiteElo "2411"]
[BlackElo "2612"]
[PlyCount "36"]
[EventDate "2002.04.15"]
[Source "ChessBase"]
[SourceDate "2002.05.03"]

1. e4 e6 2. d4 d5 3. Nc3 Bb4 4. e5 c5 5. Bd2 Ne7 6. dxc5 Nbc6 7. Qg4 O-O 8. Nf3 f5 9. exf6 Rxf6 10. Bg5 e5 11. Qh4 Bxc3+ 12. bxc3 Qa5 13. Bxf6 Qxc3+ 14. Ke2 Nf5 15. Qa4 Nfd4+ 16. Nxd4 Nxd4+ 17. Kd1 Bd7 18. Qxd7 Qxc2+ 0-1

[Event "Yerevan (open)"]
[Site "?"]
[Date "1996.??.??"]
[Round "?"]
[White "Al_Modaihki, M."]
[Black "Tukmakov, V."]
[Result "0-1"]
[WhiteElo "2425"]
[BlackElo "2595"]
[PlyCount "96"]
[EventDate "1996.??.??"]
[Source "ChessBase"]
[SourceDate "1996.02.01"]

1. e4 e6 2. d4 d5 3. Nc3 Bb4 4. e5 c5 5. Bd2 Ne7 6. dxc5 Nbc6 7. Qg4 O-O 8. Bd3 Ng6 9. Nf3 Bxc5 10. Qh5 Nb4 11. Ng5 h6 12. Nf3 Nxd3+ 13. cxd3 Qe8 14. d4 Be7 15. O-O Bd7 16. Rfe1 f5 17. exf6 Rxf6 18. Re2 Qf7 19. Qh3 Bd6 20. Ne5 Bxe5 21. dxe5 Rf5 22. Rae1 Rf8 23. Qg3 Bc6 24. Nd1 Bb5 25. Re3 Rg5 26. Rf3 Rxg3 27. Rxf7 Rxg2+ 28. Kxg2 Rxf7 29. Kg3 d4 30. f4 Rc7 31. Bb4 Bd3 32. Nf2 Bf5 33. Rd1 Rc2 34. Rxd4 Rxb2 35. a3 Rb3+ 36. Kg2 Kh7 37. Nd1 Nh4+ 38. Kf2 Rh3 39. Rd7 Rxh2+ 40. Ke3 Rh3+ 41. Kd2 Be4 42. Nc3 Bc6 43. Rd6 Rh2+ 44. Kc1 Ng6 45. Rxe6 Nxf4 46. Rd6 Rh5 47. e6 a5 48. Rxc6 axb4 0-1